| 000 | 01049nam0a22002891 4500 | ||
|---|---|---|---|
| 001 | rc\2288245 | ||
| 005 | 20250623043448.0 | ||
| 035 | _a(NLR Aleph) 006565019 | ||
| 090 |
_a6884323 _c6884323 |
||
| 100 | _a20110829d1979 |||y0rusy50 ca | ||
| 101 | 0 | _arus | |
| 102 | _aRU | ||
| 105 | _ay z ||||| | ||
| 200 | 1 |
_aОкультуривание почв Предуралья _e[Сб. статей _fОтв. ред. доц. П.В. Мордвинцев] |
|
| 210 |
_aПермь _cПерм. с.-х. ин-т _d1979 |
||
| 215 |
_a103 с. _d22 |
||
| 225 | 1 |
_aТруды _fПерм. с.-х. ин-т им. акад. Д.Н. Прянишникова _vТ. 147 |
|
| 300 | _aВ надзаг. также: М-во сел. хоз-ва СССР | ||
| 320 | _aБиблиогр. в конце статей | ||
| 702 | 1 |
_aМордвинцев _bП.В. _gПетр Васильевич _4340 |
|
| 801 | 0 |
_aRU _bNLR _gpsbo |
|
| 801 | 1 |
_aRU _bELAR _2rusmarc |
|
| 852 |
_aNLR _jП13/337 |
||
| 899 |
_aRuMoRGB _jW 331/57 |
||
| 899 |
_aRuMoRGB _jW 331/59 |
||
| 942 | _cBOOK | ||
| 980 | _aNB | ||